Kaviyoṃ me saumya santa Sumitrānandana Panta. (Record no. 72576)

MARC details
000 -LEADER
fixed length control field 00572cam a22002171 4500
001 - CONTROL NUMBER
control field sa 67001370
003 - CONTROL NUMBER IDENTIFIER
control field DLC
005 - DATE AND TIME OF LATEST TRANSACTION
control field 20260227112322.0
008 - FIXED-LENGTH DATA ELEMENTS--GENERAL INFORMATION
fixed length control field 900207s1962 ii c 000 0 hino
010 ## - LIBRARY OF CONGRESS CONTROL NUMBER
LC control number sa 67001370
035 ## - SYSTEM CONTROL NUMBER
System control number (OCoLC)21014610
040 ## - CATALOGING SOURCE
Original cataloging agency DLC
Transcribing agency WaU
Modifying agency DLC
042 ## - AUTHENTICATION CODE
Authentication code premarc
050 00 - LIBRARY OF CONGRESS CALL NUMBER
Classification number PK2098.P32
Item number Z555
100 1# - MAIN ENTRY--PERSONAL NAME
Personal name Baccana,
Dates associated with a name 1907-2003.
245 10 - TITLE STATEMENT
Title Kaviyoṃ me saumya santa Sumitrānandana Panta.
260 ## - PUBLICATION, DISTRIBUTION, ETC.
Date of publication, distribution, etc. [1962]
300 ## - PHYSICAL DESCRIPTION
Extent 186, 132 p.
Other physical details port.
Dimensions 19 cm.
546 ## - LANGUAGE NOTE
Language note In Hindi.
600 10 - SUBJECT ADDED ENTRY--PERSONAL NAME
Personal name Panta, Sumitrānandana,
Dates associated with a name 1900-1977.

No items available.

Powered by Koha